Pochettes d'album - Trouver l'artiste #3 - Statistiques

Statistiques générales
  • Ce quiz a été pris 133 fois
  • Le résultat moyen est 11 sur 16
Statistiques - réponses
Par images Réponse % Correct
Jul
95%
Aya Nakamura
93%
SCH
87%
Travis Scott
83%
Damso
80%
Kaaris
80%
David Bowie
78%
Drake
75%
Ninho
75%
PLK
73%
Louise Attaque
70%
NAPS
68%
Orelsan
57%
Oboy
25%
Playboi carti
25%
Osirus Jack
16%
Aucun quiz correspondant
Distribution des résultats
% des personnes avec chaque résultat
Percentile par nombre de réponses
Votre historique - résultats
Vous n’avez pas pris ce quiz